Nezamestnanosť - pretrvávajúca výzva súčasného sociálno - ekonomického rozvoja

Charakteristika kategórie plnej zamestnanosti. Dva základné prístupy riešenia nezamestnanosti a ich účinky na vývoj nezamestnanosti a celkovú sociálnu situáciu v USA a v EU. Model flex-security.

Uložené v:
Podrobná bibliografia
Hlavný autor: Šarmír, Eduard
Médium: Kapitola
Jazyk:Slovak
Predmet:
Tagy: Pridať tag
Žiadne tagy, Buďte prvý, kto otaguje tento záznam!

MARC

LEADER 00000naa$a2200000$$$4500
001 0052919
005 20231102110829.3
041 0 |a slo 
044 |a SK 
245 1 0 |a Nezamestnanosť - pretrvávajúca výzva súčasného sociálno - ekonomického rozvoja  |c Eduard Šarmír 
520 |a Charakteristika kategórie plnej zamestnanosti. Dva základné prístupy riešenia nezamestnanosti a ich účinky na vývoj nezamestnanosti a celkovú sociálnu situáciu v USA a v EU. Model flex-security. 
610 2 0 |a nezamestnanosť 
610 2 0 |a vývoj 
610 2 0 |a zamestnanosť plná 
610 2 0 |a situácia sociálna 
610 2 0 |a Európska únia 
610 2 0 |a USA 
610 2 0 |a modely 
100 1 |a Šarmír, Eduard